FSA's new mortgage proposals (Record no. 70943)

MARC details
000 -LEADER
fixed length control field 01018cam a2200217 4500
001 - CONTROL NUMBER
control field WB3830-05
008 - FIXED-LENGTH DATA ELEMENTS--GENERAL INFORMATION
fixed length control field 020813n2002 000 0 eng u
035 ## - SYSTEM CONTROL NUMBER
System control number (Sirsi) u119321
245 ## - TITLE STATEMENT
Title FSA's new mortgage proposals
260 ## - PUBLICATION, DISTRIBUTION, ETC.
Date of publication, distribution, etc. 2002
490 ## - SERIES STATEMENT
Series statement Financial Services Authority Press Release
Volume/sequential designation (084) 12 August 2002, (2)
520 ## - SUMMARY, ETC.
Summary, etc. The regulation of mortgage sales is on the agenda as the Financial Services Authority consults on proposals for regulating mortgage sales following the Treasury's decision to extend the FSA's powers to include mortgage advice. Mortgages covered include those taken out by an individual trustee but the regime does not cover second charge loans. For FSA News Release: http://www.fsa.gov.uk/pubs/press/2002/084.html
590 ## - LOCAL NOTE (RLIN)
Local note WB
650 ## - SUBJECT ADDED ENTRY--TOPICAL TERM
Topical term or geographic name entry element FINANCIAL SERVICES AUTHORITY
650 ## - SUBJECT ADDED ENTRY--TOPICAL TERM
Topical term or geographic name entry element MORTGAGES
650 ## - SUBJECT ADDED ENTRY--TOPICAL TERM
Topical term or geographic name entry element PROPERTY PURCHASE
650 ## - SUBJECT ADDED ENTRY--TOPICAL TERM
Topical term or geographic name entry element SECOND CHARGE LOAN
650 ## - SUBJECT ADDED ENTRY--TOPICAL TERM
Topical term or geographic name entry element CREDIT CARDS
690 ## - LOCAL SUBJECT ADDED ENTRY--TOPICAL TERM (OCLC, RLIN)
Topical term or geographic name as entry element MANAGEMENT-BUSINESS MANAGEMENT-FINANCIAL MANAGEMENT
942 ## - ADDED ENTRY ELEMENTS (KOHA)
Suppress in OPAC 0
Holdings
Withdrawn status Lost status Source of classification or shelving scheme Damaged status Not for loan Home library Current library Shelving location Date acquired Total Checkouts Full call number Barcode Date last seen Copy number Price effective from Koha item type
    Dewey Decimal Classification     London London News article 13/08/2002   WB3830-05 119321-1001 06/08/2019 1 06/08/2019 News article